000 00224nam a2200085Ia 4500
245 0 _aRowan's greatest knits
100 _a Buller, Kate Newtown, 2009
_985072
942 _cBK
008 210817s9999 xx 000 0 und d
999 _c316121
_d316120